| 000 | 00770nam a2200253Ia 4500 | ||
|---|---|---|---|
| 003 | OSt | ||
| 005 | 20221006160507.0 | ||
| 006 | a|||||r|||| 00| 0 | ||
| 007 | ta | ||
| 008 | 221006b |||||||| |||| 00| 0 eng d | ||
| 024 | _a45,316 | ||
| 037 | _cSeries Articles | ||
| 040 |
_aEASL _cEASL _beng |
||
| 041 |
_2eng _aeng |
||
| 100 |
_aMadokoro Laura etc. _9673881 |
||
| 245 | 0 |
_aQuestioning the dunamics and Language of forced migration in Asia _bthe experiences of ethnic Chinese refugees |
|
| 260 |
_aNew York _bCambridge University Press U.K _c2015 |
||
| 300 |
_a430-438 Pp. _ccm. |
||
| 490 | _v49 | ||
| 650 |
_a Chinese refugees Forum _9673882 |
||
| 650 | _aAsian Studies | ||
| 942 |
_cREF _2CC |
||
| 999 |
_c1113408 _d1113408 |
||